|
|
|
|
| LEADER |
00000nab a2200000 a 4500 |
| 001 |
vtls000256848 |
| 003 |
SK-MaSNL |
| 005 |
20260304072933.0 |
| 008 |
250423c1986 xo 0 slo |
| 015 |
|
|
|a SNBRB19rr/mm-uuuuu
|
| 035 |
|
|
|a CL0266962
|
| 035 |
|
|
|a urn:nbn:sk:snk-abelqg
|
| 035 |
|
|
|a (urnnbn)urn:nbn:sk:snk:ar-000ajh
|
| 035 |
|
|
|a (uuid)b84620ff-a2f7-406f-bf04-4e2ebf5d7cdd
|
| 040 |
|
|
|a SNKBUCL
|b slo
|c SNKBUCL
|e AACR2
|
| 041 |
0 |
|
|a slo
|
| 044 |
|
|
|a xo
|c SK
|
| 080 |
|
|
|a 82.09:885.4-1(048)
|2 1981
|
| 080 |
|
|
|a 885.4-1(048)
|2 1981
|
| 100 |
1 |
|
|a Škoviera, Daniel,
|d 1946-2021
|4 aut
|9 85343
|
| 245 |
1 |
0 |
|a Panónčan Pavol Rubigal: Opis cesty do Konštantínopolu a iné básne
|c Daniel Škoviera ; Pavol Rubigal
|
| 500 |
|
|
|a V rubrike Knihy.
|
| 650 |
0 |
7 |
|a skladby básnické
|2 snkbucl
|9 922748
|
| 650 |
0 |
7 |
|a cestopisy
|2 snkbucl
|9 186227
|
| 655 |
|
7 |
|a články z novín a časopisov
|2 snkbucl
|9 267496
|
| 655 |
|
7 |
|a články z odboru literárna veda a krásna literatúra
|2 snkbucl
|9 770045
|
| 700 |
1 |
|
|a Rubigal, Pavol
|4 aut
|9 450295
|
| 773 |
0 |
|
|t Slovenské pohľady
|g Roč. 102, č. 9 (1986), s. 136-139
|
| 787 |
0 |
8 |
|i Rec.:
|a Rubigal, Pavol
|t Opis cesty do Konštantínopolu a iné básne
|d Bratislava : Tatran, 1985
|
| 850 |
|
|
|a Slovenská národná knižnica
|
| 852 |
|
|
|a Slovenská národná knižnica
|
| 958 |
|
|
|a article27
|
| 958 |
|
|
|a BX
|
| 958 |
|
|
|a RK
|
| 958 |
|
|
|a LX
|
| 958 |
|
|
|a OND
|
| 958 |
|
|
|a EUIPO
|
| 992 |
|
|
|a RBX
|
| 999 |
|
|
|c 2768621
|d 2770551
|